00393nam a2200157Ia 4500008004100000020001800041041000800059082001300067100002200080245002800102260000900130300002700139365001700166500001000183700004200193230718s9999 xx 000 0 und d a9781905209668 aeng a681bRIP aRipka P. (Editor) aModern Sensors Handbook bIste a518dRef 474 I (28671) cRs.b1695.00 a474 I aRipka P. (Editor) & Tipek A. (Editor)